Jorge Luis Borges.

Guardado en:
Formato: Deslizar
Materias:
Etiquetas: Agregar Etiqueta
Sin Etiquetas, Sea el primero en etiquetar este registro!
LEADER 00850ngm a22002295g 4500
001 CEM.cems022901
008 130507b2009##################0###0#####d
005 20241126150429.0
245 0 0 |a Jorge Luis Borges. 
300 |a 25'. 
500 |a En soporte VHS, consultar en ventanilla. 
538 |a Soporte: VHS - Norma: Pal N - Color: Si - Grabación DRD 2009 - Hitachi=2340 
505 0 |a Jorge Luis Borges: infancia y juventud. La formación académica. Primeras publicaciones. La revista Sur. La literatura fantástica. Reconocimiento internacional. Muerte en Ginebra. 
082 A 8 |0 /ENC 
653 |a LITERATURA 
653 |a POESIA 
653 |a BORGES 
653 |a JORGE LUIS BORGES 
653 |a REVISTA SUR 
653 |a NIVEL PRIMARIO 
653 |a NIVEL SECUNDARIO 
859 |a CEMS  |b BIB. CEMS - Depto. Recursos Didacticos  |h 860  |i ENC  |k DRD  |p 1544.12  |t Ej.1